| 000 | 00505nam a2200157 i 4500 | ||
|---|---|---|---|
| 001 | 56604 | ||
| 003 | ES-MaACL | ||
| 005 | 20230906163417.0 | ||
| 007 | t| | ||
| 008 | 031010s1936 sp ||||1| spa d | ||
| 100 | 1 |
_aDimitrof, Jorge. _944826 |
|
| 245 | 1 | 0 |
_aContra los incendiarios del Reichstag _b: cartas y apuntes de la prisión y durante el proceso de Leipzig / _cJorge Dimitrof. |
| 260 |
_aBarcelona : _bEdiciones Europa-América, _c1936. |
||
| 300 |
_a182 p. ; _c19 cm. |
||
| 852 |
_aES-MaACL _jA-4376 |
||
| 999 |
_c56604 _d56604 |
||